000 00575nam a2200169Ia 4500
008 230718s9999 xx 000 0 und d
020 _a9781788393850
041 _aeng
082 _a005.13'3
_bDAS
100 _aDaschner S.
_9200955
245 _aArchitecting Modern Java EE Applications
_bDesigning Lightweight, Business-Oriented Enterprise Applications In The Age Of Cloud, Containers, And Java EE 8
260 _c2017
_bPackt
300 _a415
365 _cRs.
_b1199.00
700 _aDaschner S.
_9200955
906 _dO:0601704-Aug-2018B:IN24118-Jul-2018
_cCOMP
_b239.8
999 _c348021
_d348021